Les 20 premières sourates du Coran - Statistiques

Statistiques générales
  • Ce quiz a été pris 268 fois
  • Le résultat moyen est 10 sur 20
Statistiques - réponses
Hint Réponse % Correct
1 Al Fatiha
99%
2 Al Baqara
92%
3 Al Imran
72%
4 An Nisa'
66%
18 Al Kahf
55%
19 Maryam
52%
12 Yusuf
49%
10 Yunus
46%
20 Ta-Ha
44%
14 Ibrahim
43%
5 Al Maidah
41%
11 Hud
41%
8 Al Anfal
40%
7 Al Araf
39%
9 At Tawbah
39%
17 Al Isra
38%
16 An Nahl
38%
6 Al Anam
36%
13 Ar Raad
33%
15 Al Hijr
24%
Aucun quiz correspondant
Distribution des résultats
% des personnes avec chaque résultat
Percentile par nombre de réponses
Votre historique - résultats
Vous n’avez pas pris ce quiz